000 01128nam a22002777a 4500
003 PE SENCICO BE
005 20260224191357.0
008 251113b |||||||| |||| 00| 0 eng d
017 _2D. L. : 1501012004-6077
040 _aPE SENCICO BE
_cPE SENCICO BE
041 _aspa
082 _aR 624.182
_bU16
100 1 _aUchuya Reyes, Héctor
_942
_eautor
245 1 _aEnciclopedia sobre estructuras metálicas /
_cHéctor Uchuya Reyes
250 _a2a ed.
260 _aLima :
_bPublicaciones HEUR,
_csin año
300 _avolúmenes :
_bIlustraciones, tablas ;
_c21 cm.
520 3 _aAbarca entre otros temas: Instrucción, manejo y mantenimiento de herramientas, fabricación de cerrajería y estructuras metálicas para construcción, fabricación de herramientas manuales agrícolas y de construcción civil, carpintería en aluminio, instrucción manejo y mantenimiento del taller
650 1 0 _aConstrucciones metálicas
_9341
650 2 0 _aAcero
_9444
650 2 0 _aPinturas (Pigmentos)
_9445
650 2 0 _aPlásticos
_9313
650 2 0 _aEdificaciones
_9333
910 _ahfp
942 _2ddc
_cLIB
999 _c9763
_d9763